Miasta z największym przyrostem i spadkiem ludności w Polsce 2016/17 - Statystyki

Ogólne statystyki
  • Ten quiz został rozwiązany 2 razy
  • Średni wynik to 6 z 10
Statystyki odpowiedzi
Wartość Ludność
2016/17
Zmiana
Powierzchni
Miasto % Poprawnych
-2,46% 3531/3444 - Hel
100%
-28,50% 3824/2734 -35,12% Jastarnia
100%
+3,57% 30595/31687 - Marki
100%
+3,69% 11573/12000 - Niepołomice
100%
+7,66% 118931/128043 +54,20% Opole
100%
+4,27% 6791/7081 - Siechnice
100%
-2,41% 1869/1824 - Goniądz
0%
-4,39% 4377/4185 - Nowy Staw
0%
+3,40% 1352/1398 - Siedliszcze
0%
-2,68% 1867/1817 - Zawichost
0%
Nie znaleziono quizów pasujących do podanych kryteriów
Rozkład punktacji
Procent ludzi z każdym wynikiem
Percentyl według liczby udzielonych odpowiedzi
Twoja historia wyników
Nie rozwiązałeś tego quizu